La Suisse une terre d'accueil en question : l'importance de la première Guerre mondiale

Bibliographische Detailangaben
Veröffentlicht in:L' émigration politique en Europe aux XIXe et XXe siècles. - Paris : École Franc̜aise de Rome, 1991. - (1991), Seite 139-159
1. Verfasser: Arlettaz, Gérald (VerfasserIn)
Format: Aufsatz
Sprache:French
Veröffentlicht: 1991
Zugriff auf das übergeordnete Werk:L' émigration politique en Europe aux XIXe et XXe siècles
LEADER 01000caa a22002652c 4500
001 098680552
003 DE-627
005 20220423125341.0
007 tu
008 061003s1991 xx ||||| 00| ||fre c
035 |a (DE-627)098680552 
035 |a (DE-599)GBV098680552 
040 |a DE-627  |b ger  |c DE-627  |e rakwb 
041 |a fre 
100 1 |a Arlettaz, Gérald  |e verfasserin  |4 aut 
245 1 3 |a La Suisse une terre d'accueil en question  |b l'importance de la première Guerre mondiale 
264 1 |c 1991 
336 |a Text  |b txt  |2 rdacontent 
337 |a ohne Hilfsmittel zu benutzen  |b n  |2 rdamedia 
338 |a Band  |b nc  |2 rdacarrier 
500 |a S. [139]-159 
773 0 8 |i In  |t L' émigration politique en Europe aux XIXe et XXe siècles  |d Paris : École Franc̜aise de Rome, 1991  |g (1991), Seite 139-159  |h 519 S., [12] Bl  |w (DE-627)042677297  |7 nnam 
773 1 8 |g year:1991  |g pages:139-159 
912 |a GBV_USEFLAG_U 
912 |a GBV_ILN_350 
912 |a ISIL_DE-2795 
912 |a SYSFLAG_1 
912 |a GBV_KXP 
912 |a GBV_ILN_22 
912 |a GBV_ILN_24 
912 |a GBV_ILN_130 
912 |a GBV_ILN_350_ 
951 |a AR 
952 |j 1991  |h 139-159 
980 |2 350  |1 01  |x 8293  |b 097898937  |c 00  |f DHIP  |d --%%--  |e i  |j --%%--  |y n  |z 20-01-03